Salud, equidad y transformación productiva en América Latina y el Caribe /

Guardado en:
書目詳細資料
Autores Corporativos: CEPAL, UN OPS Oficina sanitaria panamericana Oficina regional de la Organización mundial de la salud
格式: Texto
出版: Cartagena de Indias: CEPAL
標簽: 添加標簽
沒有標簽, 成為第一個標記此記錄!

MARC

LEADER 00000 a a2200000 04500
001 23596
003
040
090 |a 168600  
110 |a CEPAL  
245 |a Salud, equidad y transformación productiva en América Latina y el Caribe /  |c CEPAL  
260 |a Cartagena de Indias:   |b CEPAL  
300 |a 102 p  
710 |a UN   |a OPS   |a Oficina sanitaria panamericana   |a Oficina regional de la Organización mundial de la salud  
999 |c 14248  |d 14248